000 00490nam a22001937a 4500
003 MPLRDC
005 20220104142711.0
008 210129b ||||| |||| 00| 0 eng d
020 _a957-9263-44-2
082 _a178.8 WEI-3
100 _aBRIAN L. WEISS
245 _a返璞归真
_c康文雄译
250 _a七刷
260 _a台湾
_b林郁文化事业有限公司
_c1996
300 _b270
490 _a现代人文库. 9
650 _a心理疗法
942 _cBK
_o178.8 WEI-3
999 _c33006
_d32996